000 00688nam a2200265Ia 4500
005 20250425162424.0
008 250425s9999 xx 000 0 und d
020 _a9978451434
041 _aspa
082 _a575.1
100 _aGARCÍA BANDERAS, AGUSTIN
245 0 _aTEMAS DE BIOÉTICA Y GENOÉTICA : TEXTOS, DECLARACIONES, CASOS Y PREGUNTAS
250 _a1A ED.
260 _aEcuador
_bTERAN
_c2006
260 _aQUITO
300 _a632
500 _aCOLECCION HISTORIA Y FILOSOFIA DE LA CIENCIA II
650 _aANTROPOLOGIA
650 _aETICA
650 _aETICA MEDICA
650 _aGENETICA
700 _aESTEVEZ M, EDMUNDO
942 _c01
010 _a72575
999 _c228891
_d228891